Tristes trópicos.

Bewaard in:
Bibliografische gegevens
Hoofdauteur: Lévi-Strauss, Claude (Auteur)
Formaat: Boek
Taal:Spaans
Gepubliceerd in: Buenos Aires, Argentina EUDEBA 1970
Reeks:Temas de EUDEBA: Antropología
Onderwerpen:
Tags: Voeg label toe
Geen labels, Wees de eerste die dit record labelt!

MARC

LEADER 00000cam a2200000 a 4500
001 UCR8072
003 CL-VaPUC
005 20240125113206.0
008 980519e19700000AG |||||||||||||||||spa|d
100 |a Lévi-Strauss, Claude  |e author  |9 265689 
999 |c 269638  |d 269636 
040 |c Pontificia Universidad Católica de Valparaíso 
082 0 4 |a 306.089 LEV 1970  |2 21 
245 1 0 |a Tristes trópicos. 
260 0 3 |a Buenos Aires, Argentina  |b EUDEBA  |c 1970 
300 |a 419 páginas. 
490 0 |a Temas de EUDEBA: Antropología 
583 |a last modification  |c 20140121 06:55:02  |k Rodrigo Vera 
650 0 |a Antropología cultural y social   |9 265143 
650 0 |a Aborígenes  |9 329972 
650 0 |a Cultura  |9 269059 
650 7 |a INDIOS  |2 CL-VaPUC  |9 258588 
942 |c BK  |2 ddc 
945 |d 19980519 00:00:00  |a crobeson 
952 |0 0  |1 0  |2 ddc  |4 0  |6 306_089000000000000_LEV_1970  |7 0  |8 A  |9 303439  |a BIBART  |b BIBART  |d 2019-11-20  |i 4807332  |l 1  |o 306.089 LEV 1970  |p 4807332  |r 2025-03-13  |s 2022-09-15  |t 1  |w 2019-11-20  |y BK  |k ART